| 000 | 00754nam a22002417i 4500 | ||
|---|---|---|---|
| 999 |
_c22998 _d22998 |
||
| 003 | AR-CdUCM | ||
| 008 | 240823b20192019 pe||||| |||| 00| 0 spa d | ||
| 020 | _a978-978-718-599-7 | ||
| 040 |
_aMUNICIPALIDAD PROVINCIAL DEL CUSCO _cBIBLIOTECA MUNICIPAL DEL CUSCO |
||
| 041 | _hspa | ||
| 082 |
_a198.5 / P72E _bP72E |
||
| 100 |
_aPodio, Laura _950290 |
||
| 245 | _aEl poder curativo del arte / | ||
| 260 |
_aBuenos Aires : _bEditorial Lea, _c2019 |
||
| 300 |
_a261 páginas. : _c20 cm. |
||
| 505 | _aCromoterapia -- Mandalas -- Zendalas -- Prácticas terapéuticas con arte | ||
| 650 |
_aArte _9561 |
||
| 650 |
_aMandalas _950235 |
||
| 650 |
_aAutoayuda _950249 |
||
| 856 | _fwww.edicioneslea.com | ||
| 942 |
_2ddc _cLIBROS |
||
| 945 |
_apbj _d2024-08-23 |
||